000 00854nam a2200193 i 4500
001 49055
003 ES-MaACL
005 20230906161856.0
007 t|
008 030707s1923 cu ||||1| spa d
100 1 _aCorral y Alemán, José Isaac.
_940730
245 1 0 _a[La nueva ley de gravitación universal]
_b: discurso leído ante la Academia de Ciencias Médicas, Físicas y Naturales de La Habana en su recepción pública /
_cpor José Isaac Corral y Alemán ; y contestación de Luis Morales y Pedroso, en la sesión pública de 28 de diciembre de 1923.
260 _aLa Habana :
_bEl Siglo XX,
_c1923.
300 _a94 p. ;
_c25 cm.
650 0 4 _aGravitación.
_913159
700 1 _aMorales y Pedroso, Luis.
_983091
710 2 _aReal Academia de Ciencias Médicas, Físicas y Naturales de La Habana.
_9134781
852 _aES-MaACL
_j1668-F-13
999 _c49055
_d49055